banner-ar

رموز من تاريخ مصر القديمة : (Record no. 59772)

MARC details
000 -الفاتح
حقل البيانات ثابتة الطول 00826nam a22001937a 4500
005 - وقت وتاريخ اخر تعامل مع التسجيلة
رقم الضبط 20240530110335.0
008 - عناصر البيانات ثابتة الطول - معلومات عامة
حقل البيانات ثابتة الطول 140906s2009 ua fop gri 000 0 ara d
017 ## - رقم الايداع القانونى
رقم الايداع القانونى 13141/2009
المصدر ( الهيئة المختصة) القاهرة : دار الكتب المصرية
020 ## - الرقم الدولى المعيارى للكتب
الرقم الدولى المعيارى للكتاب 9789774794350
040 ## - مصدر الفهرسة
وكالة الفهرسة الأصلية EG-CaGPL
082 04 - رقم تصنيف ديوى العشرى
رقم الطبعة 21
رقم التصنيف 932
رقم المادة ق/ر ر
100 00 - المدخل الرئيسى - إسم شخصى
الإسم الشخصى رمضان عبده على
245 10 - بيان العنوان
العنوان رموز من تاريخ مصر القديمة :
بقية العنوان ومظاهر حضارتها ودحض ما قيل بشانها من مزاعم واباطيل /
بيان المسئوليه,etc تاليف رمضان عبده على ؛ تقديم زاهى حواس
260 ## - PUBLICATION, DISTRIBUTION, ETC. (IMPRINT)
تاريخ النشر أو التوزيع 2009
300 ## - الوصف المادى
التعداد 238 ص ،
تفاصيل ماديه اخرى للوعاء صور ؛
أبعاد الوعاء 24 سم
651 07 - المدخل الاضافى بالموضوع - اسم جغرافى
الاسم الجغرافي مصر القديمة
التقسيم الفرعي العام تاريخ
700 00 - المدخل الاضافى - اسم شخصى
الإسم الشخصى زاهى حواس
الدور مقدم
942 ## - عناصر المدخل الإضافي( كوها)
مصدر التصنيف او مخطط الترفيف Dewey Decimal Classification
Koha [default] item type كتاب
260 ## - PUBLICATION, DISTRIBUTION, ETC. (IMPRINT)
-- القاهرة :
-- المجلس الاعلى للاثار ،
Holdings
حالة التراجع حالة الفقد حالة تلف ليس للاعارة المكان المؤقت الموقع الحالى تاريخ الاكتساب اجمالي اﻻعارات رقم الطلب الباركود تاريخ اخر مشاهدة تاريخ تفعيل السعر نوع وعاء كوها
        مكتبة القاهرة الكبرى مكتبة القاهرة الكبرى 09/06/2014   932 ق/ر ر 158692 09/06/2014 09/06/2014 كتاب

Powered By

EGPV